LIBRARY & INFORMATION CENTRE, KCAET, TAVANUR

ONLINE PUBLIC ACCESS CATALOGUE (OPAC)

Coconut breeding and management / (Record no. 6952)

MARC details
000 -LEADER
fixed length control field 00467cam a2200181ua 4500
041 ## - LANGUAGE CODE
Language code of text/sound track or separate title eng
082 ## - DEWEY DECIMAL CLASSIFICATION NUMBER
Classification number 634.61
Item number SIL/CO
100 ## - MAIN ENTRY--AUTHOR NAME
Personal name Silas, E.G .
245 00 - TITLE STATEMENT
Title Coconut breeding and management /
260 ## - PUBLICATION, DISTRIBUTION, ETC. (IMPRINT)
Place of publication Thrissur :
Name of publisher Kerala Agricultural University ,
Year of publication 1991.
300 ## - PHYSICAL DESCRIPTION
Number of Pages 380 ; .
700 1# - ADDED ENTRY--PERSONAL NAME
Personal name Aravindakshan, M .
700 1# - ADDED ENTRY--PERSONAL NAME
Personal name Jose, A.I .
942 ## - ADDED ENTRY ELEMENTS (KOHA)
Koha item type Books
Holdings
Withdrawn status Lost status Damaged status Home library Current library Date acquired Full call number Accession Number Koha item type
      KAUAET KAUAET 07/04/2012 634.61 17872 Reference
      KAUAET KAUAET 07/04/2012 634.61 17873 Books
free website counter